| 000 | 00461cam a2200181ua 4500 | ||
|---|---|---|---|
| 020 | _c150.00 | ||
| 041 |
_aeng _h |
||
| 082 |
_a604.2 _bSHA/TE |
||
| 100 | _aSankar, Mulik . | ||
| 245 |
_aText book of perspective and sciography / _cSankar Mulik. _hTextual Documents |
||
| 250 |
_a1 / _b. |
||
| 260 |
_aMumbai : _bAllied Publishers Pvt Ltd , _c1994. |
||
| 300 | _a132 ; . | ||
| 365 | _a150.00 | ||
| 504 | _a | ||
| 942 | _cBK | ||
| 999 |
_c10272 _d10272 |
||